[Event "Druga liga Srbije grupa Vojvodina 2012"]
[Site "Kac"]
[Date "2012.10.21"]
[Round "11.5"]
[White "Radanovic, Borislav"]
[Black "Medar, Zeljko"]
[Result "1-0"]
[WhiteElo "2244"]
[BlackElo "2229"]
[PlyCount "85"]
[EventDate "2012.10.14"]

1. e4 e6 2. d3 d5 3. Nd2 c5 4. g3 Nc6 5. Bg2 Nf6 6. Ngf3 Be7 7. O-O O-O 8. Re1
Re8 9. c3 Qc7 10. Nf1 dxe4 11. dxe4 h6 12. Qc2 b6 13. Bf4 e5 14. Bd2 Bb7 15.
Rad1 Na5 16. Nh4 Nc4 17. Bc1 b5 18. Nf5 Bf8 19. b3 Nb6 20. c4 bxc4 21. bxc4 Bc6
22. Rd2 Rad8 23. N1e3 g6 24. Nh4 Rd4 25. f3 Red8 26. Bf1 Qd7 27. Nd5 Nbxd5 28.
exd5 Ba4 29. Qc3 Bg7 30. Qa3 Rc8 31. Rxe5 Ne8 32. Re1 Nd6 33. Rxd4 Bxd4+ 34.
Be3 Re8 35. Kf2 g5 36. Ng2 Nf5 37. Bxd4 Rxe1 38. Nxe1 cxd4 39. Bh3 Qe7 40. Qxa4
Qe3+ 41. Kf1 d3 42. Qd1 d2 43. Bxf5 1-0

[Event "Druga liga Srbije grupa Vojvodina 2012"]
[Site "Kac"]
[Date "2012.10.21"]
[Round "11.6"]
[White "Okilj, Tigran"]
[Black "Zobenica, Ivan"]
[Result "1/2-1/2"]
[WhiteElo "2089"]
[BlackElo "2042"]
[PlyCount "20"]
[EventDate "2012.10.14"]

1. e4 c5 2. Nf3 e6 3. d4 cxd4 4. Nxd4 Nf6 5. f3 d6 6. Be2 Be7 7. O-O a6 8. Be3
O-O 9. Nb3 Qc7 10. Qd2 b5 1/2-1/2